000
00329nam a22001457a 4500
020
_a
13-978-1-84681-071-8
082
_a
641.6
_b
ATK
100
_a
ATKINSON,C
245
_a
400 SAUUS,DIPS,DRESSINGS
250
_a
1ST
260
_a
WIGSTON
_b
ANNES PUBLISHER
_c
2011
300
_a
510
650
_a
HOTEL MANAGEMENT
942
_2
ddc
_c
BK
999
_c
8090
_d
8090